| 000 | 01288nam0a22003491 4500 | ||
|---|---|---|---|
| 001 | v19\rc\1331042 | ||
| 005 | 20260407104407.0 | ||
| 035 | _a(NLR Aleph) 004482181 | ||
| 090 |
_a4610622 _c4610622 |
||
| 100 | _a20060512d1848 |||y0rusy50 ca | ||
| 101 | 0 | _arus | |
| 102 | _aRU | ||
| 105 | _ay z ||||| | ||
| 200 | 1 | _aЦарская и патриаршие граматы о учреждении Святейшего синода, с изложением православного исповедания восточно-кафолической церкви | |
| 210 |
_aМосква _cСинод. тип. _d1848 |
||
| 215 |
_a[2], 48 с. _d22 |
||
| 606 | 1 |
_aЦерковные реформы _jИсточники и источниковедение _yРоссия _z18 в. _92471100 _3RU\NLR\AUTH\661467645 |
|
| 686 | 0 | _aЭ372.24-346.2-016,1 | |
| 712 | 0 | 1 |
_aРоссия _bСинод _9363671 _3RU\NLR\AUTH\889934260 |
| 801 | 0 |
_aRU _bNLR _gpsbo |
|
| 801 | 0 |
_aRU _bRuMoRGB _2psbo |
|
| 801 | 1 |
_aRU _bProSoft-M _2rusmarc |
|
| 852 |
_aNLR _j18.125.3.47 |
||
| 899 |
_aRuMoRGB _jS 4/160 |
||
| 899 |
_aRuMoRGB _jO 10/952 |
||
| 899 |
_aRuMoRGB _jS 4/225 |
||
| 899 | _aБАН | ||
| 899 | _aГПИБ | ||
| 942 | _cBOOK | ||
| 980 | _aNB | ||